MARIŠKA, Václav regenschori a zbormajster (8. 8. 1816 Solnice, okr. Rychnov nad Knĕžnou - 18. 8. 1901 Rožňava)

Bibliographic Details
Format: Article
Language:Slovak
ISBN:8070900709 viaz
Subjects:

MARC

LEADER 00000naa a2200000uu 4500
001 vtls010921324
003 SK-MaSNL
005 20260302131339.0
008 220808|1990 xo |||||||||||||||||slo|
015 |a SNBRA 
035 |a (urnnbn)urn:nbn:sk:snk:ar-a0d04b 
035 |a (uuid)2443f5d7-509a-4ce7-b0d6-96c97c8f91c6 
035 |a urn:nbn:sk:snk-aatots 
040 |a SNKBUCL  |b slo  |c SNKBUCL  |e AACR2 
041 0 |a slo 
044 |a xo  |c SK 
245 0 0 |a MARIŠKA, Václav  |b regenschori a zbormajster (8. 8. 1816 Solnice, okr. Rychnov nad Knĕžnou - 18. 8. 1901 Rožňava) 
655 7 |a biografické heslá  |2 SNKPH  |9 368942 
773 0 |t Slovenský biografický slovník : (od roku 833 do roku 1990). IV. zväzok, M-Q  |d Martin : Matica slovenská, 1990  |g S. 73  |z 8070900709 viaz 
954 |a odborná, vedecká literatúra pôvodná (slovenská)  |2 lita 
958 |a BX 
958 |a OND 
958 |a chapter 
958 |a article25 
999 |c 1306151  |d 1308081